Revúcke listy mestské noviny

Bibliographic Details
Other Authors: Spišáková, Ľudmila (Publishing director), Vavreková, Monika (Publishing director), Repák, Rudolf (Publishing director), Kilíková, Karin (Publishing director), Kvetková, K. (Publishing director)
Format: Newspaper
Language:Slovak
PhysicalDescription:zv. 32 cm
Published: Revúca Mestské kultúrne stredisko 1992-
Revúca Mesto
ISSN:1337-8120
Subjects:

MARC

LEADER 00000cas a2200000 a 4500
001 vtls001468349
003 SK-MaSNL
005 20260228160709.0
008 160609c19939999xo er|n 0 0b0slo
022 |a 1337-8120 
035 |a SNK000423654 
040 |a SNK  |b slo  |c SNK  |e AACR2 
041 0 |a slo 
043 |a e-xo--- 
044 |a xo  |c SK 
072 7 |a 316  |x Sociológia  |2 konspekt 
072 7 |a 352/354  |x Stupne miestnej, oblastnej a ústrednej správy  |2 konspekt 
072 7 |a 394  |x Verejný a spoločenský život. Každodenný život  |2 konspekt 
080 |a (437.642)  |2 2011 
080 |a 316.728  |2 2011 
080 |a 352  |2 2011 
080 |a 050  |2 2011 
080 |a (051)+(054)  |2 2011 
080 |a 394  |2 2011 
210 0 |a Revúcke listy 
222 0 |a Revúcke listy 
245 0 0 |a Revúcke listy  |b mestské noviny 
260 |a Revúca  |b Mestské kultúrne stredisko  |c 1992- 
260 3 |3 ?-  |a Revúca  |b Mesto 
300 |a zv.  |c 32 cm 
310 |a premenlivá periodicita 
321 |a 2x mesačne 
362 0 |a Č. dec. 1993 ; roč. 2, č. 1 (1993)- 
500 |a Reg. číslo MN 3/92 
500 |a Šéfred.: (1994), Ľudmila Spišáková ; (1995), Monika Vavreková ; (1996-2004), Rudolf Repák ; (2005-2007), Karin Kilíková ; (2008-), K. Kvetková 
500 |a Evidenčné číslo: EV 351/08 
515 |a Niektoré čísla vychádzajú ako dvojčíslo 
650 0 7 |a spoločenský život  |2 SNKPH  |9 28654 
650 0 7 |a miestna správa  |2 SNKPH  |9 29496 
651 7 |a Revúca (Slovensko)  |2 SNKPHgeo  |9 31503 
655 7 |a miestne periodiká  |2 SNKPH  |9 160938 
700 1 |a Spišáková, Ľudmila  |4 pbd  |9 267148 
700 1 |a Vavreková, Monika  |4 pbd  |9 267149 
700 1 |a Repák, Rudolf  |4 pbd  |9 267150 
700 1 |a Kilíková, Karin  |4 pbd  |9 267151 
700 1 |a Kvetková, K.  |4 pbd  |9 267152 
910 |a snk 
916 |a 1992-2015, 2016-2020 
999 |c 3398  |d 5328 
952 |0 0  |1 0  |4 0  |7 0  |8 0  |a SNK  |b SNK  |d 2025-06-23  |i snk2025/9910  |l 0  |o snkČSB 4487/30/2021  |p 17A1557071  |r 2026-02-21 19:58:07  |t č. 1-15  |w 2026-02-21  |y PREZ 
952 |0 0  |1 0  |4 0  |7 0  |8 0  |a SNK  |b SNK  |d 2025-06-23  |i snk2025/9911  |l 0  |o snkČSB 4487/31/2022  |p 17A1557072  |r 2026-02-21 19:58:07  |t č. 1-12  |w 2026-02-21  |y PREZ 
952 |0 0  |1 0  |4 0  |7 0  |8 0  |a SNK  |b SNK  |d 2025-06-23  |i snk2025/9912  |l 0  |o snkČSB 4487/32/2023  |p 17A1557073  |r 2026-02-21 19:58:07  |t č. 1-12  |w 2026-02-21  |y PREZ 
952 |0 0  |1 0  |4 0  |7 0  |8 0  |a SNK  |b SNK  |d 2025-06-23  |i snk2025/9913  |l 0  |o snkČSB 4487/33/2024  |p 17A1557074  |r 2026-02-21 19:58:07  |t č. 1-4  |w 2026-02-21  |y PREZ 
952 |0 0  |1 0  |4 0  |7 0  |8 0  |a SNK  |b SNK  |d 2021-06-03  |f 1  |i snk2021/6267  |l 0  |o snkČSB 4487/28/2019  |p 17A1433886  |r 2026-02-21 19:59:08  |t č. 1-21, neúplné  |w 2026-02-21  |y PREZ  |z Chýba č. 13, 14 (dostupné v PDF - v odd. Seriálov) 
952 |0 0  |1 0  |4 0  |7 0  |8 0  |a SNK  |b SNK  |d 2021-06-03  |f 1  |i snk2021/6271  |l 0  |o snkČSB 4487/29/2020  |p 17A1433885  |r 2026-02-21 19:59:08  |t č. 1-19, neúplné  |w 2026-02-21  |y PREZ  |z Chýba č. 11,15,16 (dostupné v PDF v odd. Seriálov) 
952 |0 0  |1 0  |4 0  |7 0  |a SNK  |b SNK  |d 2006-11-06  |i snkČSP 1538/98  |l 0  |o snkČSB 4487/5/1996 D1  |p 17A0523662  |r 2026-02-21 20:05:13  |t č. 1-12  |w 2026-02-21  |y PREZ 
952 |0 0  |1 0  |3 rekatalogizácia  |4 0  |7 0  |a SNK  |b SNK  |d 2007-02-21  |f 1  |i snkČSP 1537/98  |l 0  |o snkČSB 4487/5/1996  |p 17A0540439  |r 2026-02-21 20:19:46  |t č. 1-12  |w 2026-02-21  |y PREZ 
952 |0 0  |1 0  |4 0  |7 0  |8 0  |a SNK  |b SNK  |d 2015-11-03  |f 1  |i snk2015/30151  |l 0  |o snkČSB 4487/10/2001  |p 17A1146760  |r 2026-02-21 21:05:04  |t č. 1-24  |w 2026-02-21  |y PREZ 
952 |0 0  |1 0  |4 0  |7 0  |8 0  |a SNK  |b SNK  |d 2015-11-03  |i snk2015/30152  |l 0  |o snkČSB 4487/10/2001 D1  |p 17A1146761  |r 2026-02-21 21:05:04  |t č. 1-24  |w 2026-02-21  |y PREZ 
952 |0 0  |1 0  |4 0  |7 0  |8 0  |a SNK  |b SNK  |d 2015-11-03  |f 1  |i snk2015/30160  |l 0  |o snkČSB 4487/11/2002  |p 17A1146762  |r 2026-02-21 21:05:04  |t č. 1-22  |w 2026-02-21  |y PREZ 
952 |0 0  |1 0  |4 0  |7 0  |8 0  |a SNK  |b SNK  |d 2015-11-03  |i snk2015/30161  |l 0  |o snkČSB 4487/11/2002 D1  |p 17A1146763  |r 2026-02-21 21:05:09  |t č. 1-22, neúplné  |w 2026-02-21  |y PREZ  |z chýba č. 5, 6 
952 |0 0  |1 0  |4 0  |7 0  |8 0  |a SNK  |b SNK  |d 2015-11-03  |f 1  |i snk2015/30177  |l 0  |o snkČSB 4487/12/2003  |p 17A1146764  |r 2026-02-21 21:05:09  |t č. 1-24  |w 2026-02-21  |y PREZ 
952 |0 0  |1 0  |4 0  |7 0  |8 0  |a SNK  |b SNK  |d 2015-11-03  |i snk2015/30178  |l 0  |o snkČSB 4487/12/2003 D1  |p 17A1146765  |r 2026-02-21 21:05:09  |t č. 1-24  |w 2026-02-21  |y PREZ 
952 |0 0  |1 0  |4 0  |7 0  |8 0  |a SNK  |b SNK  |d 2015-11-03  |f 1  |i snk2015/30179  |l 0  |o snkČSB 4487/13/2004  |p 17A1146766  |r 2026-02-21 21:05:09  |t č. 1-24  |w 2026-02-21  |y PREZ 
952 |0 0  |1 0  |4 0  |7 0  |8 0  |a SNK  |b SNK  |d 2015-11-03  |i snk2015/30180  |l 0  |o snkČSB 4487/13/2004 D1  |p 17A1146767  |r 2026-02-21 21:05:09  |t č. 1-24  |w 2026-02-21  |y PREZ 
952 |0 0  |1 0  |4 0  |7 0  |8 0  |a SNK  |b SNK  |d 2015-11-03  |f 1  |i snk2015/30188  |l 0  |o snkČSB 4487/14/2005  |p 17A1146768  |r 2026-02-21 21:05:09  |t č. 1-18, neúplné  |w 2026-02-21  |y PREZ  |z chýba č. 7 
952 |0 0  |1 0  |4 0  |7 0  |8 0  |a SNK  |b SNK  |d 2015-11-03  |i snk2015/30190  |l 0  |o snkČSB 4487/14/2005 D1  |p 17A1146769  |r 2026-02-21 21:05:09  |t č. 1-18, neúplné  |w 2026-02-21  |y PREZ  |z chýba č. 7, 9, 16 
952 |0 0  |1 0  |4 0  |7 0  |8 0  |a SNK  |b SNK  |d 2015-11-03  |f 1  |i snk2015/30191  |l 0  |o snkČSB 4487/15/2006  |p 17A1146770  |r 2026-02-21 21:05:09  |t č. 1-23  |w 2026-02-21  |y PREZ 
952 |0 0  |1 0  |4 0  |7 0  |8 0  |a SNK  |b SNK  |d 2015-11-03  |f 1  |i snk2015/30199  |l 0  |o snkČSB 4487/16/2007  |p 17A1146771  |r 2026-02-21 21:05:09  |t č. 1-23, neúplné  |w 2026-02-21  |y PREZ  |z chýba č. 14 
952 |0 0  |1 0  |4 0  |7 0  |8 0  |a SNK  |b SNK  |d 2015-11-03  |f 1  |i snk2015/30200  |l 0  |o snkČSB 4487/17/2008  |p 17A1146772  |r 2026-02-21 21:05:09  |t č. 1-21  |w 2026-02-21  |y PREZ 
952 |0 0  |1 0  |4 0  |7 0  |8 0  |a SNK  |b SNK  |d 2015-11-03  |f 1  |i snk2015/30206  |l 0  |o snkČSB 4487/18/2009  |p 17A1146773  |r 2026-02-21 21:05:09  |t č. 1-22  |w 2026-02-21  |y PREZ 
952 |0 0  |1 0  |4 0  |7 0  |8 0  |a SNK  |b SNK  |d 2015-11-03  |f 1  |i snk2015/30207  |l 0  |o snkČSB 4487/19/2010  |p 17A1146774  |r 2026-02-21 21:05:09  |t č. 1-22  |w 2026-02-21  |y PREZ 
952 |0 0  |1 0  |4 0  |7 0  |8 0  |a SNK  |b SNK  |d 2015-11-03  |f 1  |i snk2015/30208  |l 0  |o snkČSB 4487/20/2011  |p 17A1146775  |r 2026-02-21 21:05:09  |t č. 1-20, neúplné  |w 2026-02-21  |y PREZ  |z chýba č. 13 
952 |0 0  |1 0  |4 0  |7 0  |8 0  |a SNK  |b SNK  |d 2015-11-03  |f 1  |i snk2015/30209  |l 0  |o snkČSB 4487/21/2012  |p 17A1146776  |r 2026-02-21 21:05:09  |t č. 1-21  |w 2026-02-21  |y PREZ 
952 |0 0  |1 0  |4 0  |7 0  |8 0  |a SNK  |b SNK  |d 2015-11-03  |f 1  |i snk2015/30211  |l 0  |o snkČSB 4487/22/2013  |p 17A1146777  |r 2026-02-21 21:05:10  |t č. 1-21  |w 2026-02-21  |y PREZ 
952 |0 0  |1 0  |4 0  |7 0  |8 0  |a SNK  |b SNK  |d 2015-11-03  |f 1  |i snk2015/30213  |l 0  |o snkČSB 4487/23/2014  |p 17A1146778  |r 2026-02-21 21:05:10  |t č. 1-20  |w 2026-02-21  |y PREZ 
952 |0 0  |1 0  |4 0  |7 0  |a SNK  |b SNK  |d 2015-10-30  |f 1  |i snkČSP 4556/1994  |l 0  |o snkČSB 4487/1/1992  |p 17A0856501  |r 2026-02-21 21:05:12  |t č. dec.  |w 2026-02-21  |y PREZ 
952 |0 0  |1 0  |4 0  |7 0  |a SNK  |b SNK  |d 2015-10-30  |f 1  |i snkČSP 4558/1994  |l 0  |o snkČSB 4487/2/1993  |p 17A0856504  |r 2026-02-21 21:05:12  |t č. 1-13  |w 2026-02-21  |y PREZ 
952 |0 0  |1 0  |4 0  |7 0  |a SNK  |b SNK  |d 2015-10-30  |f 1  |i snkČSP 1541/1998  |l 0  |o snkČSB 4487/3/1994  |p 17A0856503  |r 2026-02-21 21:05:12  |t č. 1-12  |w 2026-02-21  |y PREZ 
952 |0 0  |1 0  |4 0  |7 0  |a SNK  |b SNK  |d 2015-10-30  |f 1  |i snkČSP 1539/1998  |l 0  |o snkČSB 4487/4/1995  |p 17A0856506  |r 2026-02-21 21:05:12  |t č. 1-12  |w 2026-02-21  |y PREZ 
952 |0 0  |1 0  |4 0  |7 0  |a SNK  |b SNK  |d 2015-10-30  |f 1  |i snkČSP 1535/1998  |l 0  |o snkČSB 4487/6/1997  |p 17A0856500  |r 2026-02-21 21:05:12  |t č. 1-12  |w 2026-02-21  |y PREZ 
952 |0 0  |1 0  |4 0  |7 0  |8 0  |a SNK  |b SNK  |d 2015-11-02  |f 1  |i snk2015/30058  |l 0  |o snkČSB 4487/7/1998  |p 17A1146754  |r 2026-02-21 21:05:12  |t č. 1-12  |w 2026-02-21  |y PREZ 
952 |0 0  |1 0  |4 0  |7 0  |8 0  |a SNK  |b SNK  |d 2015-11-02  |i snk2015/30059  |l 0  |o snkČSB 4487/7/1998 D1  |p 17A1146755  |r 2026-02-21 21:05:12  |t č. 1-12  |w 2026-02-21  |y PREZ 
952 |0 0  |1 0  |4 0  |7 0  |8 0  |a SNK  |b SNK  |d 2015-11-02  |f 1  |i snk2015/30060  |l 0  |o snkČSB 4487/8/1999  |p 17A1146756  |r 2026-02-21 21:05:12  |t č. 1-12  |w 2026-02-21  |y PREZ 
952 |0 0  |1 0  |4 0  |7 0  |8 0  |a SNK  |b SNK  |d 2015-11-02  |i snk2015/30071  |l 0  |o snkČSB 4487/8/1999 D1  |p 17A1146757  |r 2026-02-21 21:05:12  |t č. 1-12, neúplné  |w 2026-02-21  |y PREZ  |z chýba č. 5-9, 11, 12 
952 |0 0  |1 0  |4 0  |7 0  |8 0  |a SNK  |b SNK  |d 2015-11-02  |f 1  |i snk2015/30076  |l 0  |o snkČSB 4487/9/2000  |p 17A1146758  |r 2026-02-21 21:05:12  |t č. 1-12  |w 2026-02-21  |y PREZ 
952 |0 0  |1 0  |4 0  |7 0  |8 0  |a SNK  |b SNK  |d 2015-11-02  |i snk2015/30097  |l 0  |o snkČSB 4487/9/2000 D1  |p 17A1146759  |r 2026-02-21 21:05:13  |t č. 1-12, neúplné  |w 2026-02-21  |y PREZ  |z chýba č. 1, 5-7 
952 |0 0  |1 0  |3 rekatalogizácia  |4 0  |7 0  |a SNK  |b SNK  |d 2007-09-05  |i snkČSP 1540/98  |l 0  |o snkČSB 4487/4/1995 D1  |p 17A0560235  |r 2026-02-21 21:11:41  |t č. 1-12  |w 2026-02-21  |y PREZ 
952 |0 0  |1 0  |4 0  |7 0  |8 0  |a SNK  |b SNK  |d 2016-02-24  |f 1  |i snk2016/5222  |l 0  |o snkČSB 4487/23/2015  |p 17A1147164  |r 2026-02-21 22:02:32  |t č. 1-21, neúplné  |w 2026-02-21  |y PREZ  |z chýba č. 15,16 
952 |0 0  |1 0  |4 0  |7 0  |8 0  |a SNK  |b SNK  |d 2019-05-09  |f 1  |i snk2019/12873  |l 0  |o snkČSB 4487/25/2016  |p 17A1367237  |r 2026-02-21 22:06:39  |t č. 1-21, neúplné  |w 2026-02-21  |y PREZ  |z Chýba č. 13,14 (dostupné v PDF v odd. Seriálov) 
952 |0 0  |1 0  |4 0  |7 0  |8 0  |a SNK  |b SNK  |d 2019-05-09  |f 1  |i snk2019/12882  |l 0  |o snkČSB 4487/26/2017  |p 17A1367238  |r 2026-02-21 22:06:39  |t č. 1-21  |w 2026-02-21  |y PREZ 
952 |0 0  |1 0  |4 0  |7 0  |8 0  |a SNK  |b SNK  |d 2019-05-09  |f 1  |i snk2019/12890  |l 0  |o snkČSB 4487/27/2018  |p 17A1367239  |r 2026-02-21 22:06:40  |t č. 1-21, neúplné  |w 2026-02-21  |y PREZ  |z Chýba č. 9, 10 (dostupné v PDF v odd. Seriálov)